00757 2200205 4500001002100000005001500021035002000036007000300056008004100059082000800100084001400108100007700122245013500199250001700334260009600351300003500447650004000482505001200522990001700534INLIS00000000001000220260513022352 a0010-0526000039ta260513 g 0 ind  a615 a615 IKA f0 aIkatan Sardjana Farmasi Indonesia (I.S.F.I) Tjabang Djawa Timur Surabaja1 aformularium Medicamentorum Selectum :bTjetakan Ketiga /cIkatan Sardjana Farmasi Indonesia (I.S.F.I) Tjabang Djawa Timur Surabaja a2, Cet. Ke-3 aSurabaja :bIkatan Sardjana Farmasi Indonesia (I.S.F.I) Tjabang Djawa Timur Surabaja,c1987 a, 181 hlm :bilus. ;c14x21 cm 4aformularium Medicamentorum Selectum ahlm.181 a202500223307